000 00496nam a22001577a 4500
003 macl
005 20170908154125.0
008 170908b xxu||||| |||| 00| 0 eng d
040 _cmacl
082 _a800
100 _aराय,गोपाल
_969059
245 _aहिन्‍दी कहानी का इतिहास
260 _aदिल्‍ली
_bराजकमल प्रकाशन
_c2016
650 _aकथा साहित्‍य
_9191
942 _2ddc
_cHIN
999 _c57008
_d57008